Statistics for Tool Songs

Click here to take the quiz!

General Stats

  • This quiz has been taken 652 times
  • The average score is 41 of 75

Answer Stats

Opiate% Correct
Lateralus
92%
Aenema
90%
H.
90%
Opiate
88%
Sober
87%
10,000 Days (Wings, Part 2)
85%
Fear Inoculum
85%
The Pot
85%
Schism
84%
Parabol
82%
Undertow
82%
Parabola
81%
The Grudge
79%
Vicarious
79%
Prison Sex
78%
Stinkfist
77%
Forty Six & 2
76%
Jambi
74%
Hooker With a Penis
72%
Pneuma
72%
7empest
71%
Wings for Marie (Pt 1)
70%
Eulogy
67%
Rosetta Stoned
66%
Jimmy
65%
Right in Two
65%
Invincible
62%
Third Eye
62%
Third Eye (Live)
62%
The Patient
61%
Ticks & Leeches
60%
Pushit
59%
Pushit (Live)
59%
Reflection
58%
Triad
57%
Intolerance
56%
Descending
54%
Swamp Song
54%
Chocolate Chip Trip
53%
Hush
53%
4 Degrees
52%
Disposition
52%
Bottom
51%
Jerk-Off (Live)
51%
Intermission
50%
(-) Ions
49%
Eon Blue Apocalypse
47%
Culling Voices
46%
Disgustipated
46%
Sweat
45%
Die Eier Von Satan
44%
Message to Harry Manback
44%
Flood
43%
Lost Keys (Blame Hofmann)
43%
Mantra
43%
Cold and Ugly (Live)
41%
Crawl Away
39%
Part of Me
38%
Part of Me (Live)
38%
Useful Idiot
38%
Intension
37%
Mockingbeat
35%
No Quarter
35%
Maynard's Dick
33%
Faaip de Oiad
31%
Lipan Conjuring
31%
Cesaro Summability
28%
Litanie contre la Peur
25%
Legion Inoculant
24%
The Gaping Lotus Experience
20%
Viginti Tres
20%
You Lied (Live)
18%
Merkaba (Live)
15%
Message to Harry Manback II
15%
LAMC
12%

Score Distribution

Percentile by Number Answered

Percent of People with Each Score

Your Score History

You have not taken this quiz